Statistiques concernant Amsterdam - Culture générale

Cliquez ici pour prendre le quiz!

Statistiques générales

  • Ce quiz a été pris 1 102 fois
    (947 depuis la dernière actualisation)
  • Le résultat moyen est 14 sur 24

Statistiques - réponses

InformationRéponse% Correct
Moyen de transport que 63% des citadins utilisent quotidiennementVélo
98%
Mer à laquelle la ville est connectéeMer du Nord
94%
Plante que l'on peut se procurer dans un Coffee shopCannabis
88%
Surnom donné à la ville{Venise} du nord
85%
Il n'a plus qu'une oreille mais un grand muséeVincent Van Gogh
81%
Jeune fille qui s'y est caché lors des invasions naziesAnne Frank
80%
Bière la plus célèbre de la ville, et en dehors, dans ses bouteilles vertesHeineken
76%
Ville anciennement nommée "Nouvelle-Amsterdam"New York
76%
Événement mondial organisé en 1928Jeux Olympiques
75%
Mythique club de football nommé d'après un héro grecAjax
72%
Siècle dit "d'or" pour AmsterdamXVIIème
70%
Parolier belge qui a chanté son portJacques Brel
69%
Même si elle est considérée comme la capitale, le gouvernement néerlandais se trouve dans cette autre villeLa Haye
69%
Joueur légendaire qui a donné son nom au stade du club susmentionnéJohan Cruyff
47%
Fleuve et bière qui coule dans la villeAmstel
40%
Groupe banquier "au lion orange" basé dans la villeING
37%
Peintre baroque, précurseur de son art dans sa Ronde de Nuit par exempleRembrandt
36%
Plus grand musée du pays{Rijk}smuseum
36%
Cet établissement indissociable du capitalisme est né ici{Bourse} de valeurs
34%
Groupe de hard rock qui Jump (1984) fondé par Eddie et Alex, nés à Amsterdam{Van} {Halen}
30%
Grande place, son nom veut dire barragePlace du {Dam}
25%
Nom de ses habitantsAmstellodamois
23%
Philosophe cartésien, auteur de l'Éthique (1677)Baruch Spinoza
21%
Province de laquelle Amsterdam est la plus grande villeHollande-Septentrionale
13%

Distribution des résultats

Percentile par nombre de réponses

% des personnes avec chaque résultat

Votre développement - résultats

Vous n’avez pas pris ce quiz depuis la dernière actualisation